Phật giáo một ngàn năm đầu Sách tham khảo
Giới thiệu sự hình thành kinh điển phật giáo, phật giáo tiểu thừa, phật giáo đại thừa, vua A dục, những câu hỏi của vua Mlinda và sự giao lưu văn hóa giữa phương Đông và Phương Tây, sự chấn hưng của phật giáo đại thừa.
Đã lưu trong:
| Tác giả chính: | |
|---|---|
| Định dạng: | Sách |
| Năm xuất bản: |
H.
Chính trị Quốc gi
1996
|
| Chủ đề: | |
| Tags: |
Thêm thẻ
Không có thẻ, Hãy là người đầu tiên gắn thẻ bản ghi này!
|
| LEADER | 01278nam a2200169 4500 | ||
|---|---|---|---|
| 082 | |a 294.3 |b I300K | ||
| 100 | |a Ikêda, Daisaku | ||
| 245 | |a Phật giáo một ngàn năm đầu |c Daisaku Ikêda; Nguyễn Phương Đông dịch; Trần Quang Tuệ hiệu đính |b Sách tham khảo | ||
| 260 | |a H. |b Chính trị Quốc gi |c 1996 | ||
| 300 | |a 233 tr. |c 21 cm | ||
| 520 | |a Giới thiệu sự hình thành kinh điển phật giáo, phật giáo tiểu thừa, phật giáo đại thừa, vua A dục, những câu hỏi của vua Mlinda và sự giao lưu văn hóa giữa phương Đông và Phương Tây, sự chấn hưng của phật giáo đại thừa. | ||
| 653 | |a Phật giáo | ||
| 942 | |2 ddc |c STK0 | ||
| 999 | |c 8952 |d 8952 | ||
| 952 | |0 0 |1 0 |2 ddc |4 0 |6 294_300000000000000_I300K |7 0 |8 200 |9 73615 |a qbu |b qbu |c D2 |d 2015-05-04 |g 9000 |o 294.3 I300K |p 8467.c1 |r 0000-00-00 |w 2015-05-04 |y STK0 |0 0 |6 294_300000000000000_I300K | ||
| 952 | |0 0 |1 0 |2 ddc |4 0 |6 294_300000000000000_I300K |7 0 |8 200 |9 73616 |a qbu |b qbu |c D2 |d 2015-05-04 |g 9000 |l 1 |o 294.3 I300K |p 8467.c2 |r 2015-06-22 |s 2015-06-19 |w 2015-05-04 |y STK0 |0 0 |6 294_300000000000000_I300K | ||
| 952 | |0 0 |1 0 |2 ddc |4 0 |6 294_300000000000000_I300K |7 0 |8 200 |9 92363 |a qbu |b qbu |c D2 |d 2015-08-31 |g 9000 |o 294.3 I300K |p 8467.c3 |r 0000-00-00 |w 2015-08-31 |y STK0 |0 0 |6 294_300000000000000_I300K | ||